000 01078nam a2200265Ia 4500
003 OSt
005 20220930094847.0
006 a|||||r|||| 00| 0
007 ta
008 220926b |||||||| |||| 00| 0 hin d
024 _a21717
037 _cTheses
040 _aCRL
_cCRL
_bhin
041 _2hin
_ahin
100 _aप्रसाद, बिपिन
110 _aदिल्ली विश्वविद्यालय. कला संकाय. हिन्दी विभाग
245 0 _aमृगनयनी में लोक संस्कृति
246 _aMṛuganayanī mean lok sanskṛuti
260 _c2013
650 _aहिन्दी साहित्य
700 _a डॉ. रामनारायण पटेल, गा.
_9556477
700 _aदिल्ली विश्वविद्यालय. कला संकाय. हिन्दी विभाग
942 _cDIS
_2CC
999 _c887794
_d887794